| 000 | 01356nam a22004093 4500 | ||
|---|---|---|---|
| 001 | 20955 | ||
| 003 | VRT | ||
| 005 | 20260207114224.0 | ||
| 008 | 200226s1947 xo g 000 d slo d | ||
| 020 | _q(brožované) | ||
| 035 | _aa000658256 | ||
| 039 | 9 |
_a202008060900 _bizakovicm _c202008041419 _dkucmanj _c202002270804 _dkomaromk _c202002261657 _dszollosk |
|
| 040 |
_aUKB _bslo _dUKB _erda |
||
| 041 | 0 | _aslo | |
| 044 |
_axo _cSK |
||
| 072 | 7 |
_a821.162.4-2 _xSlovenská dráma _2konspekt |
|
| 080 |
_a821.162.4-22 _22011 |
||
| 080 |
_a(0:82-22) _22011 |
||
| 080 |
_a(0:82-146.2) _22011 |
||
| 080 |
_a(0:82-192) _22011 |
||
| 100 | 1 |
_aUrbánek, Ferko, _d1858-1934 _4aut |
|
| 245 | 1 | 0 |
_aKamenný chodníček _bveselohra so spevmi v troch dejstvách _cFerko Urbánek |
| 250 | _aŠtvrté vydanie | ||
| 264 | 1 |
_aV Turč. Sv. Martin _bÚstredie slovenských ochotníckych divadiel _bMatica slovenská _c1947 |
|
| 300 | _a62 strán | ||
| 336 |
_atext _btxt _2rdacontent |
||
| 337 |
_abez média _bn _2rdamedia |
||
| 338 |
_azväzok _bnc _2rdacarrier |
||
| 490 | 1 |
_aDivadelná knižnica _vsv. 73 |
|
| 655 | 7 |
_aslovenské drámy _2UKBPH |
|
| 655 | 7 |
_adivadelné hry _2UKBPH |
|
| 655 | 7 |
_aveselohry _2UKBPH |
|
| 830 | 0 | _aDivadelná knižnica | |
| 942 |
_2ddc _cKLDO _n0 |
||
| 949 |
_61124191 _aS.G.03529 _bPV.912-47 |
||
| 949 |
_61800811509 _a20.G.01059 _bNA.2020-20 |
||
| 999 |
_c20955 _d20955 |
||